Othappu (Record no. 116534)
[ view plain ]
| 000 -LEADER | |
|---|---|
| fixed length control field | 00399nam a2200121Ia 4500 |
| 008 - FIXED-LENGTH DATA ELEMENTS--GENERAL INFORMATION | |
| fixed length control field | 211119s9999||||xx |||||||||||||| ||und|| |
| 082 ## - DEWEY DECIMAL CLASSIFICATION NUMBER | |
| Classification number | 894.812 30 |
| Item number | JOS-O |
| 100 ## - MAIN ENTRY--PERSONAL NAME | |
| Personal name | Joseph, Sarah |
| 245 #0 - TITLE STATEMENT | |
| Title | Othappu |
| 260 ## - PUBLICATION, DISTRIBUTION, ETC. | |
| Name of publisher, distributor, etc. | Current Books |
| Place of publication, distribution, etc. | Kottayam |
| Date of publication, distribution, etc. | 2006 |
| 650 ## - SUBJECT ADDED ENTRY--TOPICAL TERM | |
| Topical term or geographic name entry element | Literature & rhetoric |
| 942 ## - ADDED ENTRY ELEMENTS (KOHA) | |
| Koha item type | BOOK |
| 650 ## - SUBJECT ADDED ENTRY--TOPICAL TERM | |
| Form subdivision | Literatures of other languagesaltaic, Uralic, Hyperborean & DravidianGeneralia |
| General subdivision | General Stack |
| Withdrawn status | Lost status | Source of classification or shelving scheme | Damaged status | Not for loan | Home library | Current library | Date acquired | Cost, normal purchase price | Total Checkouts | Full call number | Barcode | Shelving location | Date last seen | Date last checked out | Price effective from | Koha item type |
|---|---|---|---|---|---|---|---|---|---|---|---|---|---|---|---|---|
| Dewey Decimal Classification | SB LIBRARY | SB LIBRARY | 19/11/2021 | 110.00 | 17 | 894.8123 JOS-O | 00130006 | GENERAL STACK | 06/01/2026 | 22/12/2025 | 19/11/2021 | BOOK |